| 000 | 00436nam a2200181Ia 4500 | ||
|---|---|---|---|
| 001 | 11501 | ||
| 005 | 20260306162832.0 | ||
| 008 | 260306t1976||||xx |||||||||||||| ||spa|| | ||
| 041 | _aESP | ||
| 082 |
_a986.061 _bQ73 |
||
| 100 |
_aQuiroz, Abraham _eAUT |
||
| 245 | 0 | _aDos soldados en la Guerra del Pacífico | |
| 260 | _c1976 | ||
| 300 |
_avii, 241 páginas : _ccm. |
||
| 650 | _aGEN | ||
| 654 | _aCHU | ||
| 942 |
_cLIB _dJUS _fJUS _2ddc _n |
||
| 999 |
_c11501 _d11501 |
||